Oxford handbook of Indian politics (Record no. 1309215)

MARC details
000 -LEADER
fixed length control field 00596nam a22002057a 4500
005 - DATE AND TIME OF LATEST TRANSACTION
control field 20250530112150.0
008 - FIXED-LENGTH DATA ELEMENTS--GENERAL INFORMATION
fixed length control field 250419b |||||||| |||| 00| 0 eng d
020 ## - INTERNATIONAL STANDARD BOOK NUMBER
International Standard Book Number 9780198894261
040 ## - CATALOGING SOURCE
Transcribing agency SDCL
041 ## - LANGUAGE CODE
Source of code eng
Language code of text/sound track or separate title eng
084 ## - COLON CLASSIFICATION NUMBER
Classification number V2:24'P R4
245 ## - TITLE STATEMENT
Title Oxford handbook of Indian politics
260 ## - PUBLICATION, DISTRIBUTION, ETC.
Place of publication, distribution, etc. New York :
Name of publisher, distributor, etc. Oxford University Press,
Date of publication, distribution, etc. 2024.
300 ## - PHYSICAL DESCRIPTION
Extent xxv,640p.
650 ## - SUBJECT ADDED ENTRY--TOPICAL TERM
Topical term or geographic name entry element Political Science / Constitutions
650 ## - SUBJECT ADDED ENTRY--TOPICAL TERM
Topical term or geographic name entry element Political Ideologies / Democracy
700 ## - ADDED ENTRY--PERSONAL NAME
Personal name Ganguly, Sumit
700 ## - ADDED ENTRY--PERSONAL NAME
Personal name Sridharan, Eswaran
942 ## - ADDED ENTRY ELEMENTS (KOHA)
Source of classification or shelving scheme Colon Classification (CC)
Koha item type Textual
650 ## - SUBJECT ADDED ENTRY--TOPICAL TERM
-- 811122
650 ## - SUBJECT ADDED ENTRY--TOPICAL TERM
-- 811123
700 ## - ADDED ENTRY--PERSONAL NAME
-- 811124
999 ## -
-- 1309215
-- 1309215
Holdings
Withdrawn status Lost status Source of classification or shelving scheme Damaged status Not for loan Home library Current library Date acquired Source of acquisition Inventory number Total checkouts Full call number Barcode Date last seen Price effective from Koha item type
    Colon Classification (CC)     South Campus Library South Campus Library 2025-04-19 Excel Book International 133, 11/12/2024, INR 1995.00   V2:24'P R4 SC1690721 2025-04-19 2025-04-19 Textual
Copyright @ Delhi University Library System